[Event "2nd Novi Sad it"]
[Site "Novi Sad"]
[Date "1973.10.29"]
[EventDate "1973.10.20"]
[Round "9.8"]
[White "Deze, Anton"]
[Black "Janosevic, Dragoljub"]
[Result "1/2-1/2"]
[WhiteElo "2370"]
[BlackElo "2415"]
[PlyCount "22"]
[Source "Perpetual Check"]

1. d4 Nf6 2. c4 e6 3. Nc3 d5 4. cxd5 exd5 5. Bg5 Be7 6. e3 c6 7. Nf3 Nbd7 8.
Bd3 Ne4 9. Bxe7 Qxe7 10. Bxe4 dxe4 11. Nd2 f5 1/2-1/2

[Event "2nd Novi Sad it"]
[Site "Novi Sad"]
[Date "1973.10.30"]
[EventDate "1973.10.20"]
[Round "10.1"]
[White "Lombard, Andre"]
[Black "Janosevic, Dragoljub"]
[Result "0-1"]
[WhiteElo "2400"]
[BlackElo "2415"]
[PlyCount "70"]
[Source "Perpetual Check"]

1. Nf3 Nf6 2. c4 e6 3. g3 d5 4. Bg2 Nbd7 5. O-O dxc4 6. Qa4 a6 7. Qxc4 b5 8.
Qc2 Bb7 9. d4 c5 10. a4 b4 11. b3 Rc8 12. Qd1 Be7 13. Bb2 O-O 14. Nbd2 cxd4 15.
Bxd4 Nc5 16. Rc1 Bd5 17. Rc2 Nce4 18. Nc4 Bxc4 19. Rxc4 Rxc4 20. bxc4 Bc5 21.
e3 Qb6 22. Qa1 Rd8 23. a5 Qc7 24. Rc1 Bxd4 25. Nxd4 Nc3 26. Rxc3 bxc3 27. Qxc3
e5 28. Nc2 Rd1+ 29. Ne1 e4 30. Kf1 Qd7 31. Ke2 Rb1 32. Qd2 Qg4+ 33. f3 exf3+
34. Bxf3 Qxc4+ 35. Kf2 g6 0-1

[Event "2nd Novi Sad it"]
[Site "Novi Sad"]
[Date "1973.10.30"]
[EventDate "1973.10.20"]
[Round "10.2"]
[White "Jovic, Ljubomir"]
[Black "Deze, Anton"]
[Result "0-1"]
[WhiteElo "2410"]
[BlackElo "2370"]
[PlyCount "62"]
[Source "Perpetual Check"]

1. e4 c5 2. Nf3 Nc6 3. Bc4 g6 4. O-O Bg7 5. c3 e6 6. d4 cxd4 7. cxd4 d5 8. exd5
exd5 9. Bb5 Nge7 10. h3 O-O 11. Nc3 Be6 12. Bg5 Qb6 13. a4 Nf5 14. Bxc6 bxc6
15. a5 Qxb2 16. Na4 Qb4 17. Bd2 Qd6 18. Bc3 Rab8 19. Ng5 Qf4 20. Nxe6 fxe6 21.
Nc5 Rbe8 22. Nd7 Rf7 23. Ne5 Bxe5 24. dxe5 Ne3 25. fxe3 Qxe3+ 26. Kh1 Rxf1+ 27.
Qxf1 Qxc3 28. Rc1 Qxe5 29. Rxc6 Rb8 30. Qd1 Qe4 31. Rc1 d4 0-1

[Event "2nd Novi Sad it"]
[Site "Novi Sad"]
[Date "1973.10.30"]
[EventDate "1973.10.20"]
[Round "10.3"]
[White "Marjan, Dusan"]
[Black "Langeweg, Christian"]
[Result "0-1"]
[WhiteElo "2215"]
[BlackElo "2430"]
[PlyCount "70"]
[Source "Perpetual Check"]

1. e4 c5 2. Nf3 e6 3. d4 cxd4 4. Nxd4 Nc6 5. Nc3 Qc7 6. Be3 a6 7. Be2 Nf6 8.
O-O d6 9. f4 Be7 10. Nxc6 bxc6 11. Qe1 O-O 12. Qg3 e5 13. Kh1 Kh8 14. Rad1 a5
15. fxe5 dxe5 16. Bc4 Qb8 17. b3 Bg4 18. Rd3 Bh5 19. Qh4 Bg6 20. Bg5 Rd8 21.
Rh3 Kg8 22. Ne2 a4 23. Ng3 axb3 24. axb3 Ra2 25. c3 Qa7 26. Nf5 Bxf5 27. exf5
Ra1 28. Bxf6 Bxf6 29. Qxh7+ Kf8 30. Qh5 Rxf1+ 31. Bxf1 Qa1 32. Qe2 Rd1 33. Kg1
Ke8 34. g4 Bg5 35. Kf2 Rd2 0-1

[Event "2nd Novi Sad it"]
[Site "Novi Sad"]
[Date "1973.10.30"]
[EventDate "1973.10.20"]
[Round "10.4"]
[White "Lein, Anatoly"]
[Black "Szilagyi, Gyorgy"]
[Result "1-0"]
[WhiteElo "2545"]
[BlackElo "2350"]
[PlyCount "89"]
[Source "Perpetual Check"]

1. c4 e5 2. Nc3 Nc6 3. Nf3 Nf6 4. d4 exd4 5. Nxd4 Bb4 6. Bg5 h6 7. Bh4 Bxc3+ 8.
bxc3 d6 9. f3 Be6 10. e4 Qd7 11. Rb1 O-O-O 12. Qa4 Nxd4 13. Qxd7+ Nxd7 14. cxd4
f6 15. Bg3 Nb6 16. Rc1 c5 17. d5 Bf7 18. Kd2 Kc7 19. Be2 Nd7 20. h4 g5 21. Rh2
Rde8 22. Rch1 g4 23. h5 gxf3 24. gxf3 f5 25. Rh4 Rhg8 26. Bf4 Rg2 27. R1h2 Rxh2
28. Bxh2 Nf6 29. exf5 Bxh5 30. Bf4 Rh8 31. a4 Be8 32. Bg5 Nd7 33. Rxh6 Rxh6 34.
Bxh6 a5 35. f4 Nb6 36. f6 Bf7 37. Kd3 Nxa4 38. Bg4 Kd8 39. Bf8 Bg6+ 40. f5 Bf7
41. Bxd6 b5 42. cxb5 Kd7 43. Bf8 Nb6 44. Bxc5 Nxd5 45. Bf3 1-0

[Event "2nd Novi Sad it"]
[Site "Novi Sad"]
[Date "1973.10.30"]
[EventDate "1973.10.20"]
[Round "10.6"]
[White "Maric, Rudolf"]
[Black "Matulovic, Milan"]
[Result "1/2-1/2"]
[WhiteElo "2460"]
[BlackElo "2525"]
[PlyCount "29"]
[Source "Perpetual Check"]

1. e4 c5 2. c3 Nf6 3. e5 Nd5 4. d4 cxd4 5. Qxd4 e6 6. Bc4 Nc6 7. Qe4 d6 8. exd6
Nf6 9. Qe2 Qxd6 10. Nf3 Be7 11. O-O O-O 12. Rd1 Qc7 13. Bg5 b6 14. Nbd2 Bb7 15.
Ba6 1/2-1/2

[Event "2nd Novi Sad it"]
[Site "Novi Sad"]
[Date "1973.10.30"]
[EventDate "1973.10.20"]
[Round "10.7"]
[White "Ilijic, Milan"]
[Black "Adorjan, Andras"]
[Result "0-1"]
[WhiteElo "2385"]
[BlackElo "2515"]
[PlyCount "82"]
[Source "Perpetual Check"]

1. c4 g6 2. g3 Bg7 3. Bg2 c5 4. Nc3 Nc6 5. Rb1 e6 6. a3 a5 7. d3 Nge7 8. e4 O-O
9. h4 d5 10. exd5 exd5 11. Nxd5 Nxd5 12. Bxd5 Ne5 13. Bf4 Re8 14. Kf1 Bf5 15.
Bxe5 Rxe5 16. Kg2 Rxd5 17. cxd5 Qxd5+ 18. Nf3 Bxd3 19. Qd2 Qf5 20. Rbe1 Be4 21.
Qf4 Qxf4 22. gxf4 Bc6 23. Re2 Rd8 24. Rc1 Bxb2 25. Rxc5 Bxa3 26. Rxa5 Bc1 27.
Rc5 Bxf4 28. Rc3 h6 29. Kh3 Rd6 30. Ne1 Bb5 31. Re4 Bd7+ 32. Kg2 Bd2 33. Rc2
Bc6 34. Rxc6 bxc6 35. Re8+ Kg7 36. Nf3 Bc3 37. Rc8 Bf6 38. Rc7 Bc3 39. Kg3 Rf6
40. Rc8 Bb4 41. Kg2 Bc5 0-1

[Event "2nd Novi Sad it"]
[Site "Novi Sad"]
[Date "1973.10.30"]
[EventDate "1973.10.20"]
[Round "10.8"]
[White "Buljovcic, Ivan"]
[Black "Rakic, Tomislav"]
[Result "1/2-1/2"]
[WhiteElo "2435"]
[BlackElo "2415"]
[PlyCount "33"]
[Source "Perpetual Check"]

1. e4 c5 2. c3 d5 3. exd5 Nf6 4. d4 cxd4 5. Qxd4 Qxd5 6. Nf3 Nc6 7. Qxd5 Nxd5
8. Bc4 Nb6 9. Bb5 Bd7 10. O-O a6 11. Be2 f6 12. Rd1 Be6 13. Nbd2 Rd8 14. b3 Nd5
15. Bb2 Nf4 16. Bf1 Bg4 17. Nc4 1/2-1/2

[Event "2nd Novi Sad it"]
[Site "Novi Sad"]
[Date "1973.11.01"]
[EventDate "1973.10.20"]
[Round "11.1"]
[White "Rakic, Tomislav"]
[Black "Lombard, Andre"]
[Result "0-1"]
[WhiteElo "2415"]
[BlackElo "2400"]
[PlyCount "100"]
[Source "Perpetual Check"]

1. d4 Nf6 2. Nf3 b6 3. c4 e6 4. Nc3 Bb4 5. Bg5 h6 6. Bxf6 Bxc3+ 7. bxc3 Qxf6 8.
e4 d6 9. e5 Qe7 10. Bd3 Bb7 11. O-O Nd7 12. Re1 O-O 13. Bc2 Rfd8 14. Qd3 Nf8
15. d5 dxe5 16. Nxe5 c6 17. Qg3 cxd5 18. cxd5 Bxd5 19. c4 Bb7 20. Ng4 Kh8 21.
Re5 Rd2 22. Qc3 Rad8 23. c5 f6 24. Rh5 Be4 25. Bb3 Bg6 26. Rh4 Qxc5 27. Qxc5
bxc5 28. Ne3 R2d4 29. g3 Rxh4 30. gxh4 e5 31. Rc1 Rc8 32. Rd1 Be4 33. Rd6 Ng6
34. Rd7 Nxh4 35. Rxa7 Nf3+ 36. Kf1 Nxh2+ 37. Ke2 Nf3 38. Bd5 Nd4+ 39. Ke1 Nc2+
40. Kd2 Bxd5 41. Kxc2 Ra8 42. Rxa8+ Bxa8 43. Kc3 h5 44. Kc4 h4 45. Kxc5 g5 46.
Kd6 Kg7 47. a4 Kg6 48. a5 h3 49. Nf1 Bb7 50. Kc7 Ba6 0-1

[Event "2nd Novi Sad it"]
[Site "Novi Sad"]
[Date "1973.11.01"]
[EventDate "1973.10.20"]
[Round "11.2"]
[White "Adorjan, Andras"]
[Black "Buljovcic, Ivan"]
[Result "1-0"]
[WhiteElo "2515"]
[BlackElo "2435"]
[PlyCount "75"]
[Source "Perpetual Check"]

1. e4 c5 2. Nf3 d6 3. d4 cxd4 4. Nxd4 Nf6 5. Nc3 a6 6. Be2 e5 7. Nb3 Be7 8. O-O
Qc7 9. Bg5 Nbd7 10. a4 b6 11. Nd2 h6 12. Bxf6 Nxf6 13. Bc4 Bb7 14. Qe2 O-O 15.
Rfd1 Rfc8 16. Bb3 Bc6 17. Nf1 Ra7 18. f3 b5 19. Ne3 Qb8 20. Kh1 Bf8 21. Qe1 Nd7
22. axb5 axb5 23. Bd5 Rxa1 24. Rxa1 Bxd5 25. Ncxd5 Nb6 26. c3 Nxd5 27. Nxd5 Qb7
28. Qg1 Ra8 29. Rxa8 Qxa8 30. h3 Qa2 31. b4 f5 32. Qf1 fxe4 33. fxe4 Qd2 34.
Kh2 Qc2 35. Qf5 Qa2 36. Qe6+ Kh8 37. Qf7 Qa8 38. Nc7 1-0

[Event "2nd Novi Sad it"]
[Site "Novi Sad"]
[Date "1973.11.01"]
[EventDate "1973.10.20"]
[Round "11.3"]
[White "Matulovic, Milan"]
[Black "Ilijic, Milan"]
[Result "1-0"]
[WhiteElo "2525"]
[BlackElo "2385"]
[PlyCount "91"]
[Source "Perpetual Check"]

1. e4 d6 2. d4 Nf6 3. Nc3 g6 4. f4 Bg7 5. Nf3 O-O 6. Bd3 c6 7. O-O b5 8. Qe1 b4
9. Nd1 Qb6 10. a3 c5 11. dxc5 dxc5 12. Ne3 Bb7 13. Nc4 Qc7 14. e5 Nd5 15. f5
Nc6 16. e6 Nf4 17. Qg3 Nd5 18. exf7+ Rxf7 19. fxg6 Rf6 20. gxh7+ Kh8 21. Qxc7
Nxc7 22. Bg5 Rxf3 23. Rxf3 Ne5 24. Nxe5 Bxe5 25. Rf7 Bxb2 26. Raf1 Ne6 27. axb4
Bd4+ 28. Kh1 cxb4 29. Bxe7 Bd5 30. Bxb4 Bg7 31. Rd7 Ba2 32. Rxg7 Nxg7 33. Bc3
Rc8 34. Bxg7+ Kxg7 35. Ra1 Rb8 36. Kg1 Rb1+ 37. Rxb1 Bxb1 38. Kf2 a5 39. Ke1 a4
40. Kd2 a3 41. Kc1 Ba2 42. c4 Bb3 43. Kb1 Kh8 44. c5 Bd5 45. g4 Be6 46. Bf5 1-0

[Event "2nd Novi Sad it"]
[Site "Novi Sad"]
[Date "1973.11.01"]
[EventDate "1973.10.20"]
[Round "11.5"]
[White "Szilagyi, Gyorgy"]
[Black "Ciocaltea, Victor"]
[Result "1-0"]
[WhiteElo "2350"]
[BlackElo "2455"]
[PlyCount "81"]
[Source "Perpetual Check"]

1. d4 g6 2. e4 Bg7 3. c3 c6 4. Bd3 d5 5. Nd2 Nh6 6. h4 f6 7. Ne2 a5 8. a4 Na6
9. h5 g5 10. exd5 Qxd5 11. Be4 Qf7 12. Qc2 Nc7 13. Ng3 f5 14. Bd3 g4 15. Nc4
Nd5 16. Bxh6 Bxh6 17. Ne5 Qf6 18. Bxf5 Bf4 19. Bxh7 Bxe5 20. dxe5 Qxe5+ 21. Qe4
Qf6 22. Bg6+ Kd8 23. O-O-O Kc7 24. Rhe1 Bd7 25. c4 Nb6 26. Qxe7 Qf4+ 27. Kb1
Rad8 28. b3 Rhf8 29. Ne4 Nc8 30. Qg7 b6 31. Re3 Rg8 32. Rxd7+ Rxd7 33. Qxg8 g3
34. Nxg3 Qxf2 35. Rd3 Nd6 36. Qh8 Re7 37. Ne4 Qe1+ 38. Kc2 Rxe4 39. Bxe4 Qe2+
40. Rd2 Qxe4+ 41. Kb2 1-0

[Event "2nd Novi Sad it"]
[Site "Novi Sad"]
[Date "1973.11.01"]
[EventDate "1973.10.20"]
[Round "11.8"]
[White "Janosevic, Dragoljub"]
[Black "Jovic, Ljubomir"]
[Result "1/2-1/2"]
[WhiteElo "2415"]
[BlackElo "2410"]
[PlyCount "59"]
[Source "Perpetual Check"]

1. e4 c5 2. Nf3 Nc6 3. d4 cxd4 4. Nxd4 Nf6 5. Nc3 g6 6. Be3 Bg7 7. f3 O-O 8.
Bc4 Qb6 9. Bb3 Nxe4 10. Nd5 Qa5+ 11. c3 Nf6 12. Nxc6 dxc6 13. Nxe7+ Kh8 14.
Nxc8 Raxc8 15. O-O c5 16. Qe2 Rfe8 17. Qf2 c4 18. Bc2 Nd5 19. Bd4 Nf4 20. Rfe1
Qg5 21. h4 Qd5 22. Rad1 Rxe1+ 23. Qxe1 Nd3 24. Bxg7+ Kxg7 25. Qe3 Qc5 26. Qxc5
Nxc5 27. Kf2 Rc6 28. b4 cxb3 29. axb3 b5 30. Ke3 1/2-1/2

[Event "2nd Novi Sad it"]
[Site "Novi Sad"]
[Date "1973.11.02"]
[EventDate "1973.10.20"]
[Round "12.1"]
[White "Lombard, Andre"]
[Black "Jovic, Ljubomir"]
[Result "1-0"]
[WhiteElo "2400"]
[BlackElo "2410"]
[PlyCount "83"]
[Source "Perpetual Check"]

1. Nf3 g6 2. c4 Bg7 3. d4 d6 4. Nc3 Nc6 5. d5 Nb8 6. g3 c5 7. Bg2 Nf6 8. O-O h6
9. e4 Bg4 10. Qb3 Bxf3 11. Bxf3 Nbd7 12. Qxb7 h5 13. h3 a6 14. Qb3 Rb8 15. Qc2
h4 16. g4 Nh7 17. Bg2 g5 18. e5 Nxe5 19. Be4 Nf6 20. Bxg5 Rxb2 21. Qa4+ Kf8 22.
Rab1 Nxe4 23. Nxe4 Nf3+ 24. Kg2 Nxg5 25. Nxg5 e6 26. Qxa6 exd5 27. Rxb2 Bxb2
28. f4 dxc4 29. Qxc4 Qd7 30. Rb1 Qc6+ 31. Qe4 d5 32. Qf5 Qf6 33. Qxd5 Kg7 34.
Qxf7+ Qxf7 35. Nxf7 Rb8 36. Nd6 Rb4 37. Kf3 Kf8 38. g5 Ke7 39. Nc4 Rxc4 40.
Rxb2 Ke6 41. Re2+ Kf7 42. Kg4 1-0

[Event "2nd Novi Sad it"]
[Site "Novi Sad"]
[Date "1973.11.02"]
[EventDate "1973.10.20"]
[Round "12.2"]
[White "Marjan, Dusan"]
[Black "Janosevic, Dragoljub"]
[Result "1/2-1/2"]
[WhiteElo "2215"]
[BlackElo "2415"]
[PlyCount "100"]
[Source "Perpetual Check"]

1. e4 c5 2. Nf3 Nc6 3. c3 Nf6 4. e5 Nd5 5. d4 cxd4 6. cxd4 e6 7. Nc3 Nxc3 8.
bxc3 d6 9. Bb5 Bd7 10. O-O Nxe5 11. Bxd7+ Nxd7 12. Re1 Be7 13. Rb1 b6 14. Qd3
d5 15. Bf4 O-O 16. h4 Bxh4 17. g3 Bf6 18. Kg2 Re8 19. Rh1 g6 20. g4 e5 21. dxe5
Nxe5 22. Nxe5 Bxe5 23. Bd2 Qd7 24. Rh4 Rac8 25. Rbh1 Rc4 26. f3 Bf6 27. Rxh7
Qb5 28. f4 Rb4 29. Qxb5 Rxb5 30. g5 Bg7 31. Kf3 Ra5 32. Be3 Re4 33. Bd4 Bxd4
34. cxd4 Ra3+ 35. Kg4 Kf8 36. R7h3 Rxh3 37. Rxh3 Rxd4 38. Ra3 a5 39. Rb3 Rb4
40. Rd3 Rb5 41. f5 Rb4+ 42. Kf3 gxf5 43. Rxd5 f4 44. Kg4 Kg7 45. Rd7 Rb2 46. a4
Rb4 47. Rd6 Rxa4 48. Rxb6 Rb4 49. Ra6 a4 50. Kf3 Rb3+ 1/2-1/2

[Event "2nd Novi Sad it"]
[Site "Novi Sad"]
[Date "1973.11.02"]
[EventDate "1973.10.20"]
[Round "12.3"]
[White "Lein, Anatoly"]
[Black "Deze, Anton"]
[Result "1-0"]
[WhiteElo "2545"]
[BlackElo "2370"]
[PlyCount "123"]
[Source "Perpetual Check"]

1. Nf3 c5 2. c4 g6 3. d4 cxd4 4. Nxd4 Nc6 5. e4 Nf6 6. Nc3 d6 7. Be2 Nxd4 8.
Qxd4 Bg7 9. O-O O-O 10. Qe3 Be6 11. Bd2 Nd7 12. b3 Qb6 13. Rac1 Qxe3 14. Bxe3
Rfc8 15. Nb5 Nc5 16. f3 a5 17. Rfd1 Na6 18. f4 a4 19. Bf3 axb3 20. axb3 Nc5 21.
Rb1 h5 22. h3 Ra2 23. Bf2 f5 24. Bxc5 Rxc5 25. Nd4 Bxd4+ 26. Rxd4 fxe4 27. Bxe4
Bf5 28. Re1 Rc7 29. Bxf5 gxf5 30. Rd5 Ra3 31. Re3 Rc5 32. Rxc5 dxc5 33. Rxe7
Rxb3 34. Re5 b6 35. Rxf5 Rc3 36. Rg5+ Kf8 37. Rxh5 Rxc4 38. Rh8+ Ke7 39. Rb8
Rb4 40. g4 c4 41. f5 b5 42. Rc8 Rb3 43. Kg2 Kf6 44. h4 c3 45. Rc6+ Ke5 46. f6
Rb4 47. g5 Rc4 48. Rxc4 bxc4 49. f7 c2 50. f8=Q c1=Q 51. Qf6+ Ke4 52. g6 Qd2+
53. Kg3 c3 54. g7 Qe1+ 55. Kg4 Qg1+ 56. Kh5 c2 57. Qe6+ Kd3 58. Qb3+ Kd2 59.
g8=Q c1=Q 60. Qgd5+ Ke1 61. Qe4+ Kf1 62. Qbd3+ 1-0

[Event "2nd Novi Sad it"]
[Site "Novi Sad"]
[Date "1973.11.02"]
[EventDate "1973.10.20"]
[Round "12.4"]
[White "Ciocaltea, Victor"]
[Black "Langeweg, Christian"]
[Result "1-0"]
[WhiteElo "2455"]
[BlackElo "2430"]
[PlyCount "79"]
[Source "Perpetual Check"]

1. e4 c5 2. Nf3 e6 3. Nc3 a6 4. d4 cxd4 5. Nxd4 Nc6 6. Be3 Nf6 7. Bd3 d5 8.
exd5 exd5 9. O-O Bd6 10. h3 O-O 11. Nce2 Re8 12. c3 Ne5 13. Bg5 Bf8 14. Bc2 h6
15. Bh4 Qb6 16. Rb1 Bd7 17. b3 Rac8 18. Kh1 Ne4 19. f4 Ng6 20. Be1 Bd6 21. f5
Nf8 22. Nf4 Bb8 23. Bxe4 Rxe4 24. Nxd5 Qd6 25. Nf3 Bxf5 26. c4 Rce8 27. Rb2 Qe6
28. Bc3 b5 29. c5 b4 30. Bxb4 Rd8 31. Rd2 Rxb4 32. Nxb4 Rxd2 33. Qxd2 Bxh3 34.
gxh3 Qxh3+ 35. Kg1 Qg4+ 36. Kf2 Ne6 37. Rg1 Qf5 38. Nd5 Kf8 39. b4 Be5 40. Ne3
1-0

[Event "2nd Novi Sad it"]
[Site "Novi Sad"]
[Date "1973.11.02"]
[EventDate "1973.10.20"]
[Round "12.5"]
[White "Maric, Rudolf"]
[Black "Szilagyi, Gyorgy"]
[Result "1/2-1/2"]
[WhiteElo "2460"]
[BlackElo "2350"]
[PlyCount "119"]
[Source "Perpetual Check"]

1. f4 g6 2. e4 Bg7 3. Nf3 c6 4. d4 d5 5. e5 h5 6. c4 Nh6 7. Nc3 O-O 8. cxd5
cxd5 9. Qb3 Nc6 10. Be3 Bg4 11. Nh4 e6 12. g3 Na5 13. Qa4 a6 14. h3 b5 15. Qc2
Nf5 16. Qf2 Nxe3 17. Qxe3 Bf5 18. Nxf5 exf5 19. Bg2 Nc4 20. Qf2 Nb6 21. O-O Qd7
22. Rad1 Rac8 23. Nb1 Rc7 24. Rc1 Rfc8 25. Qd2 Bf8 26. Rxc7 Qxc7 27. Qf2 Qc4
28. g4 hxg4 29. hxg4 Qd3 30. Nc3 b4 31. Nd1 Rc1 32. Ne3 Rxf1+ 33. Nxf1 fxg4 34.
Qe3 Qb1 35. e6 Qxb2 36. e7 Bxe7 37. Qxe7 Qxd4+ 38. Qe3 Qxe3+ 39. Nxe3 d4 40.
Nxg4 a5 41. Nf6+ Kg7 42. Nd5 Na4 43. Kf2 Nc3 44. Nxc3 dxc3 45. Ke3 a4 46. Bc6
b3 47. a3 b2 48. Be4 f5 49. Bc2 Kh6 50. Kd4 Kh5 51. Kxc3 Kg4 52. Kxb2 Kxf4 53.
Bxa4 g5 54. Bc6 g4 55. a4 Ke5 56. Bd7 g3 57. Bc6 Kd4 58. Kb3 f4 59. a5 Kc5 60.
Bf3 1/2-1/2

[Event "2nd Novi Sad it"]
[Site "Novi Sad"]
[Date "1973.11.02"]
[EventDate "1973.10.20"]
[Round "12.7"]
[White "Buljovcic, Ivan"]
[Black "Matulovic, Milan"]
[Result "1/2-1/2"]
[WhiteElo "2435"]
[BlackElo "2525"]
[PlyCount "31"]
[Source "Perpetual Check"]

1. e4 c5 2. c3 Nf6 3. e5 Nd5 4. d4 cxd4 5. Qxd4 e6 6. Bc4 Nc6 7. Qe4 d6 8. Nf3
Nb6 9. Bb3 Nd7 10. exd6 Nc5 11. Qe2 Nxb3 12. axb3 Bxd6 13. Nbd2 O-O 14. O-O Bf4
15. Nc4 Bxc1 16. Rfxc1 1/2-1/2

[Event "2nd Novi Sad it"]
[Site "Novi Sad"]
[Date "1973.11.02"]
[EventDate "1973.10.20"]
[Round "12.8"]
[White "Rakic, Tomislav"]
[Black "Adorjan, Andras"]
[Result "1/2-1/2"]
[WhiteElo "2415"]
[BlackElo "2515"]
[PlyCount "25"]
[Source "Perpetual Check"]

1. d4 g6 2. e4 Bg7 3. f4 c5 4. d5 d6 5. Bb5+ Bd7 6. a4 Na6 7. Nf3 Nc7 8. Bxd7+
Qxd7 9. c4 e6 10. O-O Ne7 11. Nc3 exd5 12. cxd5 O-O 13. f5 1/2-1/2

[Event "2nd Novi Sad it"]
[Site "Novi Sad"]
[Date "1973.11.03"]
[EventDate "1973.10.20"]
[Round "13.1"]
[White "Adorjan, Andras"]
[Black "Lombard, Andre"]
[Result "1/2-1/2"]
[WhiteElo "2515"]
[BlackElo "2400"]
[PlyCount "61"]
[Source "Perpetual Check"]

1. e4 c5 2. Nf3 e6 3. d4 cxd4 4. Nxd4 Nf6 5. Nc3 d6 6. Be2 a6 7. O-O Qc7 8. f4
Be7 9. Kh1 O-O 10. a4 Nc6 11. Be3 Rb8 12. Qe1 b6 13. e5 Ne8 14. Qg3 f5 15. exf6
Nxf6 16. Nxc6 Qxc6 17. Bd4 Bd8 18. Rad1 Rf7 19. Bf3 Qe8 20. Bxf6 Bxf6 21. Ne4
Qxa4 22. Nxd6 Rf8 23. b3 Qb4 24. Bg4 Kh8 25. Rfe1 Be7 26. Re4 Qa3 27. Red4 b5
28. h3 Qc5 29. Qd3 h6 30. Bf3 Rb6 31. Nxc8 1/2-1/2

[Event "2nd Novi Sad it"]
[Site "Novi Sad"]
[Date "1973.11.03"]
[EventDate "1973.10.20"]
[Round "13.4"]
[White "Szilagyi, Gyorgy"]
[Black "Ilijic, Milan"]
[Result "0-1"]
[WhiteElo "2350"]
[BlackElo "2385"]
[PlyCount "70"]
[Source "Perpetual Check"]

1. b3 e5 2. Bb2 Nc6 3. e3 d5 4. Bb5 Bd6 5. f4 Qe7 6. Nf3 f6 7. fxe5 fxe5 8.
Nxe5 Bxe5 9. Bxc6+ Kd8 10. d4 Bg3+ 11. Kd2 bxc6 12. hxg3 Nf6 13. Nc3 Bg4 14.
Qg1 Qb4 15. a3 Qd6 16. Rf1 Qxg3 17. Qh2 Qxh2 18. Rxh2 Kd7 19. Na4 Rae8 20. Nc5+
Kc8 21. Bc1 Re7 22. Rhh1 Nh5 23. Rf2 Ng3 24. Re1 Rhe8 25. c3 h5 26. a4 Bf5 27.
c4 g6 28. a5 h4 29. Kc3 Ne4+ 30. Nxe4 Rxe4 31. Rh1 Rg4 32. Bd2 Ree4 33. Rf4
Rexf4 34. exf4 Rg3+ 35. Kb4 Rxg2 0-1

[Event "2nd Novi Sad it"]
[Site "Novi Sad"]
[Date "1973.11.03"]
[EventDate "1973.10.20"]
[Round "13.5"]
[White "Langeweg, Christian"]
[Black "Maric, Rudolf"]
[Result "1/2-1/2"]
[WhiteElo "2430"]
[BlackElo "2460"]
[PlyCount "79"]
[Source "Perpetual Check"]

1. Nf3 d5 2. c4 c6 3. e3 Nf6 4. Nc3 g6 5. d4 Bg7 6. Be2 O-O 7. O-O Nbd7 8. cxd5
Nxd5 9. Nxd5 cxd5 10. Qb3 Nb8 11. Bd2 Nc6 12. Rfc1 e6 13. Rc3 f6 14. Rac1 Rf7
15. Rc5 Bf8 16. R5c2 a6 17. Bd3 Bd7 18. e4 Be8 19. Re1 Rc8 20. h4 Rd7 21. exd5
exd5 22. h5 Bf7 23. hxg6 hxg6 24. Rec1 Ne7 25. Rxc8 Nxc8 26. Qc2 Ne7 27. Nh4
Kg7 28. Bb4 f5 29. Nf3 Nc6 30. Bxf8+ Qxf8 31. Bxa6 Qb4 32. Bxb7 Nxd4 33. Nxd4
Qxd4 34. Bc8 Re7 35. a4 Qb6 36. Qd2 Ra7 37. Ra1 Rc7 38. Rc1 Ra7 39. Ra1 Rc7 40.
Rc1 1/2-1/2

[Event "2nd Novi Sad it"]
[Site "Novi Sad"]
[Date "1973.11.03"]
[EventDate "1973.10.20"]
[Round "13.7"]
[White "Janosevic, Dragoljub"]
[Black "Lein, Anatoly"]
[Result "0-1"]
[WhiteElo "2415"]
[BlackElo "2545"]
[PlyCount "96"]
[Source "Perpetual Check"]

1. e4 e5 2. Nf3 Nc6 3. Bb5 a6 4. Ba4 d6 5. c3 Nf6 6. d4 Bd7 7. Nbd2 Be7 8. O-O
O-O 9. Re1 Re8 10. d5 Nb8 11. c4 Bxa4 12. Qxa4 Nbd7 13. b4 a5 14. bxa5 Nc5 15.
Qc2 Rxa5 16. Nb3 Nxb3 17. Qxb3 Qa8 18. a4 Nd7 19. Be3 Qa6 20. Ra2 Ra8 21. Rea1
Nc5 22. Bxc5 Rxc5 23. Rc2 c6 24. Ne1 Ra5 25. g3 c5 26. Rca2 Qa7 27. Nf3 Qb8 28.
Kg2 Bd8 29. Rb1 R5a7 30. Qc2 Ba5 31. Rb5 b6 32. h4 Qc8 33. Qe2 Qg4 34. Nd4 Qxe2
35. Nxe2 Kf8 36. f4 Re8 37. Kf3 Rae7 38. f5 Ra7 39. f6 gxf6 40. g4 Ke7 41. Ng3
Rg8 42. Nf5+ Kd7 43. Rh2 Bb4 44. g5 Rb8 45. Ra2 Kc7 46. gxf6 Rg8 47. Ne7 Rg1
48. Nc6 Ra8 0-1

[Event "2nd Novi Sad it"]
[Site "Novi Sad"]
[Date "1973.11.03"]
[EventDate "1973.10.20"]
[Round "13.8"]
[White "Jovic, Ljubomir"]
[Black "Marjan, Dusan"]
[Result "1/2-1/2"]
[WhiteElo "2410"]
[BlackElo "2215"]
[PlyCount "54"]
[Source "Perpetual Check"]

1. e4 e5 2. Nf3 Nc6 3. Bb5 a6 4. Ba4 d6 5. c4 Bd7 6. d3 g6 7. Nc3 Bg7 8. Bg5
Nce7 9. b4 Nf6 10. Bb3 O-O 11. a4 h6 12. Bxf6 Bxf6 13. h3 c6 14. g4 Be6 15. Qd2
Kg7 16. a5 d5 17. Na4 dxc4 18. dxc4 Qxd2+ 19. Kxd2 Rad8+ 20. Kc3 g5 21. Nc5 Bc8
22. Rad1 Ng6 23. Rxd8 Rxd8 24. Rd1 Rxd1 25. Bxd1 Nf4 26. Ng1 Ne6 27. Nxe6+ Bxe6
1/2-1/2

[Event "2nd Novi Sad it"]
[Site "Novi Sad"]
[Date "1973.11.04"]
[EventDate "1973.10.20"]
[Round "14.1"]
[White "Lombard, Andre"]
[Black "Marjan, Dusan"]
[Result "1-0"]
[WhiteElo "2400"]
[BlackElo "2215"]
[PlyCount "81"]
[Source "Perpetual Check"]

1. Nf3 e6 2. c4 d5 3. g3 c6 4. b3 Nf6 5. Bb2 Nbd7 6. Bg2 Bd6 7. d4 Ne4 8. O-O
O-O 9. Nfd2 f5 10. Nxe4 dxe4 11. Nc3 e5 12. d5 Nf6 13. Qd2 Bb4 14. Rad1 cxd5
15. cxd5 Bd7 16. a3 Ba5 17. Kh1 Qe8 18. f3 Qh5 19. e3 Bb5 20. Rf2 Bd3 21. b4
Bb6 22. Na4 Nxd5 23. Nxb6 Nxb6 24. Bxe5 Kh8 25. Rc1 Rac8 26. Bd4 Nc4 27. Qe1
Qe8 28. Bc5 Rf7 29. fxe4 fxe4 30. a4 Rxf2 31. Qxf2 b6 32. Bd4 Qe7 33. Qf5 Rf8
34. Qg4 Ne5 35. Bxe5 Qxe5 36. h4 h5 37. Qg6 Qf5 38. Qxf5 Rxf5 39. Rc7 a5 40. b5
Rf6 41. Re7 1-0

[Event "2nd Novi Sad it"]
[Site "Novi Sad"]
[Date "1973.11.04"]
[EventDate "1973.10.20"]
[Round "14.2"]
[White "Lein, Anatoly"]
[Black "Jovic, Ljubomir"]
[Result "1-0"]
[WhiteElo "2545"]
[BlackElo "2410"]
[PlyCount "51"]
[Source "Perpetual Check"]

1. d4 c5 2. e3 Nf6 3. Nf3 e6 4. Bd3 Nc6 5. O-O d5 6. b3 Bd6 7. Bb2 cxd4 8. exd4
Ng4 9. h3 h5 10. c4 Qf6 11. Re1 Kf8 12. Qe2 g5 13. Nc3 Nb4 14. Ba3 Kg8 15. Bxb4
Bxb4 16. Rac1 b6 17. cxd5 Bxc3 18. Rxc3 exd5 19. hxg4 hxg4 20. Qe5 Qxe5 21.
Nxe5 Be6 22. Be2 f5 23. Bd3 Rh6 24. Rc6 Rc8 25. Rxc8+ Bxc8 26. Rc1 1-0

[Event "2nd Novi Sad it"]
[Site "Novi Sad"]
[Date "1973.11.04"]
[EventDate "1973.10.20"]
[Round "14.3"]
[White "Ciocaltea, Victor"]
[Black "Janosevic, Dragoljub"]
[Result "1-0"]
[WhiteElo "2455"]
[BlackElo "2415"]
[PlyCount "86"]
[Source "Perpetual Check"]

1. e4 c5 2. Nf3 Nc6 3. Bb5 g6 4. O-O Bg7 5. Re1 Nf6 6. c3 O-O 7. h3 d5 8. e5
Ne8 9. d4 cxd4 10. cxd4 Bd7 11. Nc3 Nc7 12. Bf1 a6 13. Be3 b5 14. Rc1 Na5 15.
b3 b4 16. Ne2 Ne6 17. Qd2 Qb6 18. Nh2 f5 19. g3 Rad8 20. Bg2 Bc6 21. Nf4 Nxf4
22. Bxf4 e6 23. Nf3 Bb7 24. Bg5 Rd7 25. Rc5 Nc6 26. Rec1 Nd8 27. h4 Nf7 28. Bf6
Bh6 29. Ng5 Nd6 30. f3 Ne8 31. f4 Nxf6 32. exf6 Rxf6 33. Nf3 Bf8 34. Ne5 Rg7
35. R5c2 Bd6 36. Qe3 Rf8 37. Nc6 Bc8 38. Nxb4 Qxb4 39. Rxc8 Re7 40. R8c6 Ra8
41. Bf1 a5 42. a4 Kf7 43. Bb5 Rd8 1-0

[Event "2nd Novi Sad it"]
[Site "Novi Sad"]
[Date "1973.11.04"]
[EventDate "1973.10.20"]
[Round "14.4"]
[White "Maric, Rudolf"]
[Black "Deze, Anton"]
[Result "1/2-1/2"]
[WhiteElo "2460"]
[BlackElo "2370"]
[PlyCount "28"]
[Source "Perpetual Check"]

1. e4 c5 2. c3 Nf6 3. e5 Nd5 4. d4 cxd4 5. Qxd4 e6 6. Bc4 Nc6 7. Qe4 d6 8. Nf3
dxe5 9. Nxe5 Nxe5 10. Qxe5 Nb6 11. Bb5+ Bd7 12. O-O Bxb5 13. Qxb5+ Qd7 14.
Qxd7+ Nxd7 1/2-1/2